000 00330 a2200109 4500
001 ART_11543
005 20260410161858.0
008 260409a
245 1 0 _aPrice-independent welfare prescriptions
100 1 _aRoberts, Kevin
773 0 _tJournal of public economics
_g- Vol. 13, NÂș 3 (jun. 1980)
_wREV11485
999 _c25624
_d25624